Catálogo
Digital

Catálogo
Digital

Ecuador Debate N°30. Gobernabilidad y Democracia (Record no. 13485)

MARC details
000 -CABECERA
campo de control de longitud fija 01932nam a2200373 4500
003 - IDENTIFICADOR DEL NÚMERO DE CONTROL
campo de control EC-UNACH
005 - FECHA Y HORA DE LA ÚLTIMA TRANSACCIÓN
campo de control 20250512092342.0
006 - CÓDIGOS DE INFORMACIÓN DE LONGITUD FIJA--CARACTERÍSTICAS DEL MATERIAL ADICIONAL
campo de control de longitud fija s||||gr|||| 00| 00
008 - DATOS DE LONGITUD FIJA--INFORMACIÓN GENERAL
campo de control de longitud fija 150116t9999 mx r gr 000 0 spa d
020 ## - NÚMERO INTERNACIONAL ESTÁNDAR DEL LIBRO
Número Internacional Estándar del Libro No especifica el libro
040 ## - FUENTE DE LA CATALOGACIÓN
Centro catalogador/agencia de origen EC-UNACH
Centro/agencia transcriptor EC-UNACH
041 ## - CÓDIGO DE LENGUA
Código de lengua del texto/banda sonora o título independiente spa
082 04 - NÚMERO DE LA CLASIFICACIÓN DECIMAL DEWEY
Número de edición 23
Número de clasificación 300
Número de documento/Ítem L017711
110 ## - ENTRADA PRINCIPAL--NOMBRE DE ENTIDAD CORPORATIVA
Nombre de entidad corporativa o nombre de jurisdicción como elemento de entrada Centro Andino de Acción Popular (CAAP)
245 ## - MENCIÓN DE TÍTULO
Título Ecuador Debate N°30. Gobernabilidad y Democracia
250 ## - MENCIÓN DE EDICIÓN
Mención de edición Primera Edición
264 ## - Producción, publicación, distribución, fabricación y copyright
Lugar de producción, publicación, distribución, fabricación Quito, Ecuador
Nombre del de productor, editor, distribuidor, fabricante CAAP
Fecha de de producción, publicación, distribución, fabricación o copyright 1993
300 ## - DESCRIPCIÓN FÍSICA
Extensión 180 páginas
Otras características físicas Tablas, cuadros
505 ## - NOTA DE CONTENIDO CON FORMATO
Nota de contenido con formato Editorial.-- Coyuntura.- Aspectos de la Coyuntura Ecuatoriana a fines del 1993. Coyuntura Internacional-Equipo Coyuntura "CAAP" -- Tema Central.-Menos Estado y Más Gobierno. ¿Basta la Gobernabilidad...?.El gobierno estatal de la Gobernabilidad: Entrevista a Mario Ribadeneira y a Pablo Lucio Paredes. Tres apuntes acerca del desinterés ciudadano por la política en los Andes. Gobernabilidad y educación.--Publicaciones Recibidas.-- Debate agrario.- Apuntes sobre la parcera agrícola en la sierra ecuatoriana: Observaciones sobre la provincia de Cotopaxi. La diversificación de las exportaciones agrícolas : el caso de mango. -- Análisis.- Hacia una propuesta de unificación salarial en el país. Las cámaras de la Producción y de la Política: Ecuador 1980-1990. ¡De hacer a ser! -- Crítica Bibliográfica.- La seducción Velasquista.
650 ## - PUNTO DE ACCESO ADICIONAL DE MATERIA--TÉRMINO DE MATERIA
Término de materia o nombre geográfico como elemento inicial EXPORTACIONES AGRÍCOLAS
650 ## - PUNTO DE ACCESO ADICIONAL DE MATERIA--TÉRMINO DE MATERIA
Término de materia o nombre geográfico como elemento inicial POLÍTICA ECUATORIANA
650 ## - PUNTO DE ACCESO ADICIONAL DE MATERIA--TÉRMINO DE MATERIA
Término de materia o nombre geográfico como elemento inicial MACROECONOMÍA
650 ## - PUNTO DE ACCESO ADICIONAL DE MATERIA--TÉRMINO DE MATERIA
Término de materia o nombre geográfico como elemento inicial CRÍSIS DEMOCRÁTICA
650 ## - PUNTO DE ACCESO ADICIONAL DE MATERIA--TÉRMINO DE MATERIA
Término de materia o nombre geográfico como elemento inicial PROPUESTA SALARIAL
700 ## - PUNTO DE ACCESO ADICIONAL--NOMBRE DE PERSONA
Nombre de persona Sánchez Parga, José
700 ## - PUNTO DE ACCESO ADICIONAL--NOMBRE DE PERSONA
Nombre de persona Dos Santos, Mario
700 ## - PUNTO DE ACCESO ADICIONAL--NOMBRE DE PERSONA
Nombre de persona Ortiz, Pablo
700 ## - PUNTO DE ACCESO ADICIONAL--NOMBRE DE PERSONA
Nombre de persona Van Aerde, Michel
942 ## - ELEMENTOS DE PUNTO DE ACCESO ADICIONAL (KOHA)
Fuente del sistema de clasificación o colocación Clasificación Decimal Dewey
Tipo de ítem Koha Libros
999 ## - NÚMEROS DE CONTROL DE SISTEMA (KOHA)
Koha biblionumber 13485
Holdings
Estado de pérdida Fuente del sistema de clasificación o colocación Estado dañado No para préstamo Localización permanente Ubicación/localización actual Ubicación en estantería Fuente de adquisición Número de inventario Total de préstamos Signatura topográfica completa Código de barras Tipo de ítem Koha Centro de costos
  Clasificación Decimal Dewey     Biblioteca Campus Norte Biblioteca Campus Norte Facultad de Ciencias Políticas y Administrativas - Generalidades Donación CAAP 39686944   300 CEN L017711 L017711 Libros  

Powered by Koha